Histoire du Parnasse / (Record no. 172045)

MARC details
000 -LEADER
campo de control de longitud fija 00445nam a22001575i 4500
001 - NÚMERO DE CONTROL
campo de control 172045
003 - IDENTIFICADOR DE NÚMERO DE CONTROL
campo de control ES-MaACL
005 - FECHA Y HORA DE LA ÚLTIMA TRANSACCIÓN
campo de control 20230906214812.0
008 - DATOS DE LONGITUD FIJA--INFORMACIÓN GENERAL
campo de control de longitud fija 090612s1929 fr |||| | fre d
100 1# - ENTRADA PRINCIPAL--NOMBRE DE PERSONA
Nombre de persona Souriau, Maurice.
9 (RLIN) 140649
245 10 - MENCIÓN DEL TÍTULO
Título Histoire du Parnasse /
Mención de responsabilidad, etc. Maurice Souriau.
260 ## - PUBLICACIÓN, DISTRIBUCIÓN, ETC.
Lugar de publicación, distribución, etc. Paris :
Nombre del editor, distribuidor, etc. Éd. Spes,
Fecha de publicación, distribución, etc. 1929.
300 ## - DESCRIPCIÓN FÍSICA
Extensión LIV-466 p. ;
Dimensiones 25 cm.
650 14 - PUNTO DE ACCESO ADICIONAL DE MATERIA--TÉRMINO DE MATERIA
Término de materia o nombre geográfico como elemento de entrada Poesía francesa-
Subdivisión cronológica S.XIX.
9 (RLIN) 140650
852 ## - LOCALIZACIÓN
Ubicación ES-MaACL
Número de control de estantería A-2053
Holdings
Estatus retirado Estado de pérdida Estado de daño No para préstamo Biblioteca de origen Biblioteca actual Ubicación en estantería Fecha de adquisición Fuente de adquisición Total de préstamos Signatura topográfica completa Código de barras Visto por última vez Precio de reemplazo Tipo de ítem Koha
        Biblioteca del Ateneo de Madrid Biblioteca del Ateneo de Madrid Sala Pecera Planta 1 12/06/2009     A-2053 1180550 23/02/2023 23/02/2023 Libro impreso